Derecho, persona y ciudadanía (Record no. 12902)

MARC details
000 -LEADER
fixed length control field 00839nam a22002417a 4500
008 - FIXED-LENGTH DATA ELEMENTS--GENERAL INFORMATION
fixed length control field 140903t sp||||| |||| 00| 0 spa d
020 ## - INTERNATIONAL STANDARD BOOK NUMBER
International Standard Book Number 9788497687218
050 04 - LIBRARY OF CONGRESS CALL NUMBER
Classification number K625
Item number D47 2010
245 00 - TITLE STATEMENT
Title Derecho, persona y ciudadanía
Remainder of title : una experiencia jurídica comparada
Statement of responsibility, etc / Bernardo Periñán Gómez (coord.)
250 ## - EDITION STATEMENT
Edition statement 1a ed.
260 ## - PUBLICATION, DISTRIBUTION, ETC. (IMPRINT)
Place of publication, distribution, etc Madrid :
Name of publisher, distributor, etc Marcial Pons,
Date of publication, distribution, etc 2010
300 ## - PHYSICAL DESCRIPTION
Extent 693 p. ;
Dimensions 24 cm.
504 ## - BIBLIOGRAPHY, ETC. NOTE
Bibliography, etc Incluye bibliografía
650 #7 - SUBJECT ADDED ENTRY--TOPICAL TERM
Source of heading or term Lemb
Topical term or geographic name as entry element Personas (Derecho)
Geographic subdivision Europa
650 #7 - SUBJECT ADDED ENTRY--TOPICAL TERM
Source of heading or term Lemb
Topical term or geographic name as entry element Personas (Derecho internacional)
650 #7 - SUBJECT ADDED ENTRY--TOPICAL TERM
Source of heading or term Lemb
Topical term or geographic name as entry element Derecho comparado
650 #7 - SUBJECT ADDED ENTRY--TOPICAL TERM
Source of heading or term Lemb
Topical term or geographic name as entry element Ciudadanía
650 #7 - SUBJECT ADDED ENTRY--TOPICAL TERM
Source of heading or term Lemb
Topical term or geographic name as entry element Ciudadanía
Geographic subdivision Europa
700 1# - ADDED ENTRY--PERSONAL NAME
Personal name Periñán Gómez, Bernardo
Relator term coaut. y coord.
700 1# - ADDED ENTRY--PERSONAL NAME
Personal name Andrés Santos, Francisco J.
Relator term coaut.
700 1# - ADDED ENTRY--PERSONAL NAME
Personal name Alaéz Corral, Benito
Relator term coaut.
942 ## - ADDED ENTRY ELEMENTS (KOHA)
Source of classification or shelving scheme Biblioteca del Cogreso de los Estados Unidos
Koha item type Libro
Holdings
Estado de pérdida Fuente de clasificación Estado del daño No para préstamo Ubicación permanente Ubicación actual Apartado o colección Fecha de adquisición Fuente de adquisición Área del conocimiento Clasificación Código de Barras Date last seen Número de copia Tipo de recurso
  Biblioteca del Cogreso de los Estados Unidos     Biblioteca de la Facultad de Derecho-Anexo Revillagigedo Biblioteca de la Facultad de Derecho-Anexo Revillagigedo General 03/09/2014     K625 D47 2010 FDAR000000247 16/01/2015 1 Libro
  Biblioteca del Cogreso de los Estados Unidos     Biblioteca de la Facultad de Derecho-Anexo Revillagigedo Biblioteca de la Facultad de Derecho-Anexo Revillagigedo General 03/09/2014     K625 D47 2010 FDAR000000248 16/01/2015 2 Libro